000 00817cab a2200253 4500
001 ABS60635
008 090401t1999 xxu||||| |||| 00| 0 eng d
035 _a(Sirsi) u99916
041 _aeng
100 _aBrock, D.
245 4 _aThe thatching years
260 _c1999
350 _a0
490 _aConservation Bulletin
_v(35) April 1999, 28-31(4)
520 _aExplores the history of thatching with advice on the use of the materials through three major studies which are about to be published by English Heritage. Map shows the distribution of the 24,000 listed thatched buildings in England.
650 _aENGLISH HERITAGE
650 _aROOFING MATERIALS
650 _aTHATCH
650 _aTHATCHED ROOFS
650 _aTHATCHING
690 _aCONSERVATION
942 _n0
948 _c27/05/1999
999 _c60007
_d60007